[Event "Bergisch Gladbach-ch"]
[Site "Bergisch Gladbach"]
[Date "2008.09.12"]
[Round "5"]
[White "Bosbach, Volker"]
[Black "Petera, Georg"]
[Result "1-0"]
[WhiteElo "1736"]
[BlackElo "1446"]
[PlyCount "25"]
[EventDate "2008.08.15"]
[EventType "swiss"]
[EventRounds "7"]
[EventCountry "GER"]
[SourceTitle "EXT 2011"]
[Source "ChessBase"]
[SourceDate "2010.11.26"]
[SourceVersion "1"]
[SourceVersionDate "2010.11.26"]
[SourceQuality "1"]

1. d4 d5 2. c4 Nc6 3. Nc3 dxc4 4. d5 Na5 5. e4 e5 6. Nf3 Bd6 7. Qa4+ c6 8. Bxc4 b5 9. Bxb5 cxb5 10. Nxb5 Ke7 11. Nxd6 Kxd6 12. Bd2 f6 13. Bb4+ 1-0

[Event "Bergisch Gladbach-ch"]
[Site "Bergisch Gladbach"]
[Date "2006.09.22"]
[Round "5"]
[White "Petera, Georg"]
[Black "Stock, Hugo"]
[Result "1/2-1/2"]
[WhiteElo "1414"]
[BlackElo "1520"]
[PlyCount "95"]
[EventDate "2006.08.25"]
[EventType "swiss"]
[EventRounds "7"]
[EventCountry "GER"]
[SourceTitle "EXT 2008"]
[Source "ChessBase"]
[SourceDate "2007.11.25"]
[SourceVersion "1"]
[SourceVersionDate "2007.11.25"]
[SourceQuality "1"]

1. e4 c5 2. Nf3 Nc6 3. Bb5 g6 4. Bxc6 bxc6 5. c4 Bg7 6. 0-0 d6 7. h3 Rb8 8. Nc3 Qc7 9. b3 Nf6 10. Rb1 0-0 11. Bb2 Nd7 12. Ne2 f6 13. Kh1 Ne5 14. Nc1 Be6 15. Ng1 f5 16. f4 Nf7 17. Bxg7 Kxg7 18. d3 fxe4 19. dxe4 Bxc4 20. Rf3 e6 21. Qe1 e5 22. Qc3 Ba6 23. Nd3 Bxd3 24. Qxd3 Qe7 25. Rbf1 exf4 26. Rxf4 Ne5 27. Qc3 Rxf4 28. Rxf4 Rf8 29. Ne2 Rf6 30. Kg1 Qf7 31. Qe3 g5 32. Rxf6 Qxf6 33. Ng3 Kg6 34. Qe2 Nf7 35. Qh5+ Kg7 36. Nf5+ Kg8 37. Qe2 Qa1+ 38. Kf2 Qe5 39. g3 d5 40. Qd3 d4 41. Qc4 Kf8 42. Kf3 Nd6 43. Nxd6 Qxd6 44. Qd3 h5 45. Kg2 Kf7 46. Qf3+ Qf6 47. Qxh5+ Ke6 48. Qe8+ 1/2-1/2

[Event "Bergisch Gladbach-ch 24th"]
[Site "Bergisch Gladbach"]
[Date "2002.10.01"]
[Round "5"]
[White "Petera, Georg"]
[Black "Bloemer, Guenter"]
[Result "1/2-1/2"]
[WhiteElo "1317"]
[BlackElo "1441"]
[PlyCount "93"]
[EventDate "2002.08.??"]
[EventType "swiss"]
[EventRounds "7"]
[EventCountry "GER"]
[SourceTitle "EXT 2005"]
[Source "ChessBase"]
[SourceDate "2004.11.15"]
[SourceVersion "1"]
[SourceVersionDate "2004.11.15"]
[SourceQuality "1"]

1. e4 e6 2. d4 d5 3. Nd2 c5 4. Ngf3 cxd4 5. exd5 Qxd5 6. Bc4 Qd8 7. Nb3 Bb4+ 8. Bd2 Bxd2+ 9. Qxd2 a6 10. Nbxd4 Ne7 11. 0-0 b5 12. Be2 Bb7 13. Rad1 Nbc6 14. Qg5 Qc7 15. Qxg7 Rg8 16. Qxh7 Qf4 17. Nxc6 Bxc6 18. Qd3 Bd5 19. Qe3 Qg4 20. Ne1 Qg7 21. Bf3 Bxf3 22. Qxf3 Rc8 23. Qd3 Nd5 24. c3 Rc4 25. h3 Rh4 26. Qg3 Qxg3 27. fxg3 Rxg3 28. Kh2 Rg6 29. Rf3 Re4 30. Rfd3 Ke7 31. Nc2 f5 32. Re1 Rf4 33. Re2 Kf7 34. Nd4 Rh4 35. Rg3 Rf6 36. Nf3 Ra4 37. b3 Rf4 38. Ne5+ Ke8 39. Rg8+ Rf8 40. Rxf8+ Kxf8 41. Ng6+ Kf7 42. Nxf4 Nxf4 43. Rd2 Nd5 44. Rd4 Nxc3 45. a3 Nd5 46. g3 Kf6 47. Rh4 1/2-1/2

[Event "Bergisch Gladbach-ch op"]
[Site "Bergisch Gladbach"]
[Date "2001.09.14"]
[Round "5"]
[White "Arnold, Ingo"]
[Black "Petera, Georg"]
[Result "1-0"]
[WhiteElo "1808"]
[BlackElo "1278"]
[PlyCount "59"]
[EventDate "2001.08.17"]
[EventType "swiss"]
[EventRounds "7"]
[EventCountry "GER"]
[SourceTitle "EXT 2006"]
[Source "ChessBase"]
[SourceDate "2005.11.24"]
[SourceVersion "1"]
[SourceVersionDate "2005.11.24"]
[SourceQuality "1"]

1. e4 c6 2. d4 d5 3. exd5 cxd5 4. c4 Nf6 5. Nc3 Bf5 6. Qb3 Nc6 7. Nf3 Na5 8. Qa4+ Bd7 9. Qd1 Nxc4 10. Bxc4 dxc4 11. h3 Qa5 12. 0-0 e6 13. Ne5 h6 14. Qf3 Qa6 15. Nxd7 Nxd7 16. Re1 Bd6 17. Qg4 g6 18. Ne4 0-0-0 19. Nxd6+ Qxd6 20. Be3 Qd5 21. b3 cxb3 22. Rec1+ Kb8 23. axb3 Ka8 24. Ra3 h5 25. Qe2 Rc8 26. Rca1 a6 27. Rxa6+ Kb8 28. Ra8+ Kc7 29. Rc1+ Nc5 30. Rxc8+ 1-0

[Event "Bergisch Gladbach-ch op"]
[Site "Bergisch Gladbach"]
[Date "2001.08.31"]
[Round "3"]
[White "Meier, Tobias"]
[Black "Petera, Georg"]
[Result "0-1"]
[WhiteElo "1138"]
[BlackElo "1278"]
[PlyCount "136"]
[EventDate "2001.08.17"]
[EventType "swiss"]
[EventRounds "7"]
[EventCountry "GER"]
[SourceTitle "EXT 2006"]
[Source "ChessBase"]
[SourceDate "2005.11.24"]
[SourceVersion "1"]
[SourceVersionDate "2005.11.24"]
[SourceQuality "1"]

1. d4 Nf6 2. c4 e5 3. dxe5 Ng4 4. Nf3 Nc6 5. Bg5 Bb4+ 6. Nbd2 f6 7. exf6 Nxf6 8. a3 Bc5 9. Ne4 Be7 10. Nxf6+ Bxf6 11. Bxf6 Qxf6 12. Qb3 0-0 13. e3 d6 14. Be2 Ne5 15. 0-0 Kh8 16. Nxe5 Qxe5 17. Qc3 Qxc3 18. bxc3 Bf5 19. Rfd1 Rad8 20. Bd3 b6 21. Bxf5 Rxf5 22. Rd5 Rf6 23. Rad1 Rdf8 24. f3 g6 25. a4 a5 26. Kf2 Kg7 27. f4 h6 28. R5d4 g5 29. g3 Rf5 30. g4 R5f6 31. f5 h5 32. h3 Rh8 33. Rg1 hxg4 34. hxg4 Rfh6 35. Re4 Kf7 36. Rd4 Rh2+ 37. Rg2 R2h3 38. Rg3 Rh2+ 39. Rg2 R2h3 40. Rd1 Re8 41. Re1 Re4 42. Rg3 Rh2+ 43. Kg1 Rh4 44. Kf2 Rxc4 45. Ra1 Rxc3 46. e4 Rh2+ 47. Kg1 Rxg3+ 48. Kxh2 Rxg4 49. Rc1 c5 50. Rb1 Rxe4 51. Rxb6 Re5 52. f6 Rd5 53. Rb5 Kxf6 54. Rxa5 Rd4 55. Ra8 c4 56. a5 c3 57. Rc8 Ra4 58. Rxc3 Rxa5 59. Rd3 Ke5 60. Rd2 Rd5 61. Rb2 Rc5 62. Rg2 Kf4 63. Kh3 Rc3+ 64. Kh2 g4 65. Rd2 Kf3 66. Rxd6 Rc2+ 67. Kh1 Rc1+ 68. Kh2 g3+ 0-1